Top 10 technologických trendů v logistice a SCM
Desať hlavných technologických trendov, ktoré v nasledujúcich rokoch zasiahnu logistické procesy a riadenie dodávateľských reťazcov (internet vecí, digitálne dvojča, cloud, blockchain, kyberbezpečnosť, robotizácia, rozšírená realita a pod.)
Saved in:
| Main Author: | |
|---|---|
| Format: | Book Chapter |
| Language: | Czech |
| Subjects: | |
| Tags: |
No Tags, Be the first to tag this record!
|
MARC
| LEADER | 00000naa a2200000 4500 | ||
|---|---|---|---|
| 001 | 0249629 | ||
| 005 | 20181218092422.7 | ||
| 041 | 0 | |a cze | |
| 044 | |a CZ | ||
| 245 | 1 | 0 | |a Top 10 technologických trendů v logistice a SCM |c Radek Novotný |
| 520 | |a Desať hlavných technologických trendov, ktoré v nasledujúcich rokoch zasiahnu logistické procesy a riadenie dodávateľských reťazcov (internet vecí, digitálne dvojča, cloud, blockchain, kyberbezpečnosť, robotizácia, rozšírená realita a pod.) | ||
| 610 | 2 | 0 | |a technológie informačné |
| 610 | 2 | 0 | |a technológie komunikačné |
| 610 | 2 | 0 | |a technológie nové |
| 610 | 2 | 0 | |a inteligencia umelá |
| 610 | 2 | 0 | |a digitalizácia |
| 610 | 2 | 0 | |a robotizácia |
| 610 | 2 | 0 | |a logistika |
| 610 | 2 | 0 | |a reťazce dodávateľsko-odberateľské |
| 100 | 1 | |a Novotný, Radek | |